[Event "Lisbon Portugal op"]
[Site "Lisbon"]
[Date "2020.01.27"]
[Round "4"]
[White "Kurylski, Leonardo Tavares"]
[Black "Rodriguez Lopez, Rafael"]
[Result "0-1"]
[WhiteElo "1980"]
[BlackElo "2212"]
[PlyCount "59"]
[EventDate "2020.01.25"]
[EventType "swiss"]
[EventRounds "9"]
[EventCountry "POR"]
[SourceTitle "CBM 194"]
[Source "ChessBase"]
[SourceDate "2020.02.29"]
[SourceVersion "1"]
[SourceVersionDate "2020.02.29"]
[SourceQuality "1"]

1. d4 Nf6 2. Nc3 d5 3. Bf4 a6 4. e3 e6 5. Bd3 c5 6. dxc5 Bxc5 7. Nf3 0-0 8. a3 b5 9. 0-0 Bb7 10. Qe2 Nbd7 11. Nb1 Re8 12. Ne5 Nxe5 13. Bxe5 Nd7 14. Bc3 e5 15. Bf5 g6 16. Bh3 Nf6 17. Nd2 d4 18. Bb4 Bb6 19. Nb3 Ne4 20. Bg4 a5 21. Be1 dxe3 22. fxe3 Qg5 23. Bd7 Bxe3+ 24. Kh1 Red8 25. Bxb5 a4 26. Na5 Rd2 27. Nxb7 Rxe2 28. Bxe2 Rb8 29. Bf3 Qf4 30. Bxe4 0-1

[Event "Lisbon Portugal op"]
[Site "Lisbon"]
[Date "2020.01.26"]
[Round "3"]
[White "Asvestopoulou, Evdokia"]
[Black "Kurylski, Leonardo Tavares"]
[Result "0-1"]
[WhiteElo "1688"]
[BlackElo "1980"]
[PlyCount "76"]
[EventDate "2020.01.25"]
[EventType "swiss"]
[EventRounds "9"]
[EventCountry "POR"]
[SourceTitle "EXT 2021"]
[Source "ChessBase"]
[SourceDate "2020.10.23"]
[SourceVersion "1"]
[SourceVersionDate "2020.10.23"]
[SourceQuality "1"]

1. d4 e6 2. c4 b6 3. Nf3 Bb7 4. g3 Bb4+ 5. Bd2 Bxf3 6. exf3 Bxd2+ 7. Qxd2 Qf6 8. Bg2 Nc6 9. d5 Na5 10. Na3 Ne7 11. 0-0 0-0 12. f4 Rab8 13. Rac1 c6 14. dxe6 dxe6 15. Rfd1 Nb7 16. b3 Rfd8 17. Qe2 Nf5 18. Nc2 c5 19. Qe5 Qe7 20. g4 Nh4 21. Ne3 Ng6 22. Qe4 Nd6 23. Qf3 Qf6 24. f5 exf5 25. gxf5 Nh4 26. Qh3 Ndxf5 27. Nxf5 Nxf5 28. Be4 Nh6 29. Re1 Rd2 30. Qg3 Rbd8 31. Rc3 Rxf2 32. Rce3 Rfd2 33. Bd5 g6 34. Rf3 Nf5 35. Qf4 Qd4+ 36. Kh1 Qxf4 37. Rxf4 Rxa2 38. Rg1 Kf8 0-1

[Event "POR CupT qf 41st"]
[Site "Evora"]
[Date "2019.07.13"]
[Round "5.2"]
[White "Santos Latasa, Jaime"]
[Black "Kurylski, Leonardo Tavares"]
[Result "1-0"]
[WhiteElo "2594"]
[BlackElo "1982"]
[PlyCount "81"]
[EventDate "2019.01.12"]
[EventType "team-k.o."]
[EventRounds "6"]
[EventCountry "POR"]
[SourceTitle "EXT 2020"]
[Source "ChessBase"]
[SourceDate "2019.10.17"]
[SourceVersion "1"]
[SourceVersionDate "2019.10.17"]
[SourceQuality "1"]
[WhiteTeam "Montemor o Novo"]
[BlackTeam "Cavadas"]
[WhiteTeamCountry "POR"]
[BlackTeamCountry "POR"]

1. Nf3 b6 2. g3 Bb7 3. Bg2 g6 4. 0-0 Bg7 5. c4 e6 6. Nc3 Ne7 7. d4 d6 8. e4 Nd7 9. Re1 0-0 10. Be3 e5 11. Qd2 exd4 12. Nxd4 Nc5 13. Rad1 Qd7 14. Bh6 Ne6 15. Bxg7 Nxg7 16. Qh6 f6 17. Bh3 Qd8 18. Qxg7+ Kxg7 19. Ne6+ Kf7 20. Nxd8+ Rfxd8 21. Nb5 Bc8 22. Bg2 Bg4 23. Rd2 Rac8 24. Nxa7 Ra8 25. Nb5 Rxa2 26. Nxc7 Nc6 27. h3 Be6 28. Nb5 Ke7 29. Nc3 Ra7 30. Nd5+ Kf7 31. f4 Rb8 32. Ne3 Na5 33. f5 Bxc4 34. Rxd6 Ke7 35. e5 fxe5 36. Nxc4 Nxc4 37. Re6+ Kf8 38. fxg6 hxg6 39. Rxg6 Kf7 40. Rg4 Nxb2 41. Rf1+ 1-0